| 000 | 00499nam a2200169Ia 4500 | ||
|---|---|---|---|
| 008 | 230718s9999 xx 000 0 und d | ||
| 020 | _a9788172235413 | ||
| 041 | _aeng | ||
| 082 |
_a613.192 _bIYE |
||
| 100 |
_aIyengar B.K.S. _9201609 |
||
| 245 |
_aLight On Pranayama _bThe Definitive Guide To The Art Of Breathing |
||
| 260 |
_c2018 _bHarper Element |
||
| 300 | _a344 | ||
| 365 |
_cRs. _b399.00 |
||
| 700 |
_aIyengar B.K.S. _9201609 |
||
| 906 |
_dO:0643712-Mar-2019B:505218-Feb-2019 _cGENRL _b87.78 |
||
| 999 |
_c349761 _d349761 |
||